<?xml version="1.0" encoding="UTF-8"?>
<record
    xmlns:xsi="http://www.w3.org/2001/XMLSchema-instance"
    xsi:schemaLocation="http://www.loc.gov/MARC21/slim http://www.loc.gov/standards/marcxml/schema/MARC21slim.xsd"
    xmlns="http://www.loc.gov/MARC21/slim">

  <leader>00966nas a2200253 a 4500</leader>
  <controlfield tag="003">INTEC</controlfield>
  <controlfield tag="005">20250611115129.0</controlfield>
  <controlfield tag="007">ta</controlfield>
  <controlfield tag="008">171116e2016    dr a||p|r||||||0| | spa d</controlfield>
  <datafield tag="040" ind1=" " ind2=" ">
    <subfield code="a">DO-SdINT</subfield>
    <subfield code="b">spa</subfield>
    <subfield code="e">rda</subfield>
    <subfield code="c">DO-SdINT</subfield>
    <subfield code="d">DO-SdBNP</subfield>
  </datafield>
  <datafield tag="041" ind1=" " ind2=" ">
    <subfield code="a">spa</subfield>
  </datafield>
  <datafield tag="044" ind1=" " ind2=" ">
    <subfield code="a">dr</subfield>
    <subfield code="c">DO</subfield>
  </datafield>
  <datafield tag="110" ind1=" " ind2=" ">
    <subfield code="9">39540</subfield>
    <subfield code="a">Rep&#xFA;blica Dominicana. Tribunal Constitucional</subfield>
  </datafield>
  <datafield tag="245" ind1=" " ind2=" ">
    <subfield code="a">Memoria 2016 /</subfield>
    <subfield code="c">Rep&#xFA;blica Dominicana. Tribunal Constitucional de la Rep&#xFA;blica Dominicana</subfield>
  </datafield>
  <datafield tag="264" ind1=" " ind2="1">
    <subfield code="a">Santo Domingo, Rep&#xFA;blica Dominicana :</subfield>
    <subfield code="b">Tribunal Constitucional de la Rep&#xFA;blica Dominicana,</subfield>
    <subfield code="c">2016.</subfield>
  </datafield>
  <datafield tag="300" ind1=" " ind2=" ">
    <subfield code="a">volumen : </subfield>
    <subfield code="b">ilustraciones, fotograf&#xED;as, gr&#xE1;ficas, tablas ;</subfield>
    <subfield code="c">28 cent&#xED;metros.</subfield>
    <subfield code="e">+1 CD</subfield>
  </datafield>
  <datafield tag="310" ind1=" " ind2=" ">
    <subfield code="a">Anual.</subfield>
  </datafield>
  <datafield tag="336" ind1=" " ind2=" ">
    <subfield code="a">texto</subfield>
    <subfield code="b">txt</subfield>
    <subfield code="2">rdacontent</subfield>
  </datafield>
  <datafield tag="337" ind1=" " ind2=" ">
    <subfield code="a">sin mediaci&#xF3;n</subfield>
    <subfield code="b">n</subfield>
    <subfield code="2">rdamedia</subfield>
  </datafield>
  <datafield tag="338" ind1=" " ind2=" ">
    <subfield code="a">volumen</subfield>
    <subfield code="b">nc</subfield>
    <subfield code="2">rdacarrier</subfield>
  </datafield>
  <datafield tag="362" ind1=" " ind2=" ">
    <subfield code="a">A&#xF1;o 2016.</subfield>
  </datafield>
  <datafield tag="650" ind1=" " ind2="7">
    <subfield code="9">38742</subfield>
    <subfield code="a">Tribunales constitucionales</subfield>
    <subfield code="z">Rep&#xFA;blica Dominicana	</subfield>
    <subfield code="v">Publicaciones peri&#xF3;dicas </subfield>
  </datafield>
  <datafield tag="942" ind1=" " ind2=" ">
    <subfield code="2">ddc</subfield>
    <subfield code="c">ISSUE</subfield>
  </datafield>
  <datafield tag="952" ind1=" " ind2=" ">
    <subfield code="0">0</subfield>
    <subfield code="1">0</subfield>
    <subfield code="2">ddc</subfield>
    <subfield code="4">0</subfield>
    <subfield code="5">6</subfield>
    <subfield code="7">0</subfield>
    <subfield code="8">SE</subfield>
    <subfield code="a">BNPHU</subfield>
    <subfield code="b">BNPHU</subfield>
    <subfield code="d">2025-04-28</subfield>
    <subfield code="h">A&#xF1;o 2016</subfield>
    <subfield code="l">0</subfield>
    <subfield code="p">2025-3728</subfield>
    <subfield code="r">2025-04-28</subfield>
    <subfield code="t">e.1</subfield>
    <subfield code="w">2025-04-28</subfield>
    <subfield code="y">ISSUE</subfield>
    <subfield code="z">Memoria.</subfield>
  </datafield>
  <datafield tag="952" ind1=" " ind2=" ">
    <subfield code="0">0</subfield>
    <subfield code="1">0</subfield>
    <subfield code="2">ddc</subfield>
    <subfield code="4">0</subfield>
    <subfield code="5">6</subfield>
    <subfield code="7">0</subfield>
    <subfield code="8">SE</subfield>
    <subfield code="a">BNPHU</subfield>
    <subfield code="b">BNPHU</subfield>
    <subfield code="d">2025-05-13</subfield>
    <subfield code="h">A&#xF1;o 2016</subfield>
    <subfield code="l">0</subfield>
    <subfield code="p">2025-4214</subfield>
    <subfield code="r">2025-05-13</subfield>
    <subfield code="t">e.2</subfield>
    <subfield code="w">2025-05-13</subfield>
    <subfield code="y">ISSUE</subfield>
  </datafield>
  <datafield tag="952" ind1=" " ind2=" ">
    <subfield code="0">0</subfield>
    <subfield code="1">0</subfield>
    <subfield code="2">ddc</subfield>
    <subfield code="4">0</subfield>
    <subfield code="5">6</subfield>
    <subfield code="7">0</subfield>
    <subfield code="8">SE</subfield>
    <subfield code="a">BNPHU</subfield>
    <subfield code="b">BNPHU</subfield>
    <subfield code="d">2025-05-13</subfield>
    <subfield code="h">A&#xF1;o 2017</subfield>
    <subfield code="l">0</subfield>
    <subfield code="p">2025-4215</subfield>
    <subfield code="r">2025-05-13</subfield>
    <subfield code="t">e.1</subfield>
    <subfield code="w">2025-05-13</subfield>
    <subfield code="y">ISSUE</subfield>
    <subfield code="z">Bicentenario del natalicio de Francisco del Rosario S&#xE1;nchez.</subfield>
  </datafield>
  <datafield tag="952" ind1=" " ind2=" ">
    <subfield code="0">0</subfield>
    <subfield code="1">0</subfield>
    <subfield code="2">ddc</subfield>
    <subfield code="4">0</subfield>
    <subfield code="5">6</subfield>
    <subfield code="7">0</subfield>
    <subfield code="8">SE</subfield>
    <subfield code="a">BNPHU</subfield>
    <subfield code="b">BNPHU</subfield>
    <subfield code="d">2025-05-13</subfield>
    <subfield code="h">A&#xF1;o 2017</subfield>
    <subfield code="l">0</subfield>
    <subfield code="p">2025-4216</subfield>
    <subfield code="r">2025-05-13</subfield>
    <subfield code="t">e.2</subfield>
    <subfield code="w">2025-05-13</subfield>
    <subfield code="y">ISSUE</subfield>
    <subfield code="z">Bicentenario del natalicio de Francisco del Rosario S&#xE1;nchez.</subfield>
  </datafield>
  <datafield tag="952" ind1=" " ind2=" ">
    <subfield code="0">0</subfield>
    <subfield code="1">0</subfield>
    <subfield code="2">ddc</subfield>
    <subfield code="4">0</subfield>
    <subfield code="5">6</subfield>
    <subfield code="7">0</subfield>
    <subfield code="8">SE</subfield>
    <subfield code="a">BNPHU</subfield>
    <subfield code="b">BNPHU</subfield>
    <subfield code="d">2025-05-13</subfield>
    <subfield code="h">A&#xF1;o 2017</subfield>
    <subfield code="l">0</subfield>
    <subfield code="p">2025-4217</subfield>
    <subfield code="r">2025-05-13</subfield>
    <subfield code="t">e.3</subfield>
    <subfield code="w">2025-05-13</subfield>
    <subfield code="y">ISSUE</subfield>
    <subfield code="z">Bicentenario del natalicio de Francisco del Rosario S&#xE1;nchez.</subfield>
  </datafield>
  <datafield tag="999" ind1=" " ind2=" ">
    <subfield code="c">58829</subfield>
    <subfield code="d">58829</subfield>
  </datafield>
</record>
